000 00514nmm a2200193Ia 4500
008 251105s9999||||xx |||||||||||||||||und||
020 _a9788490108239
041 _aspa
100 _aRock, Joanne
245 0 _aPasión explosiva/Hambre de ti
264 _a[Madrid, España] :
_bHarlequin,
_c2012
300 _a448 páginas
490 _aPasión
650 _aErotic novel
700 _aRock, Joanne
700 1 _a Raye, Kimberly
856 _uhttps://public.digitaliapublishing.com/a/50073
942 _cCF
999 _c70614
_d70614